Trappist beers - Statistics

General Stats
  • This quiz has been taken 30 times
  • The average score is 5 of 10
Answer Stats
Country Name % Correct
Belgium Chimay
90%
Netherland La Trappe
76%
Belgium Westmalle
72%
Belgium Westvleteren
72%
Belgium Orval
66%
Belgium Rochefort
59%
Belgium Achel
41%
USA Spencer
34%
Austria Engelszell
24%
France Monts des cats
7%
No matching quizzes found
Score Distribution
Percent of People with Each Score
Percentile by Number Answered
Your Score History
You have not taken this quiz